000 00535nam a2200169 i 4500
001 73082
003 ES-MaACL
005 20230906171650.0
007 t|
008 040906s1905 fr ||||1| fre d
100 1 _aGlovkine, Fedor.
_957453
245 1 3 _aLa cour et le regne de Paul Ier
_b: portraits, souvenirs et anedoctes /
_cFedro Golovkine ; avec une introduction et notes par S. Bonnet.
260 _aParis :
_bPlon,
_c1905.
300 _a448 p., 5 lám. ;
_c23 cm.
700 1 _aBonnet, S.
_930268
852 _aES-MaACL
_jA-3532
999 _c73082
_d73082